| 000 | 00370nam a2200145Ia 4500 | ||
|---|---|---|---|
| 005 | 20251222144803.0 | ||
| 008 | 251222s9999||||xx |||||||||||||| ||spa|| | ||
| 020 | _a9972890643 | ||
| 082 | _a382.098.504/L85 | ||
| 100 | _aLohmannVillena, Guillermo | ||
| 245 | 0 | _aPlata del PerĂº, Riqueza de Europa: | |
| 250 | _a1ra. ed. | ||
| 264 | _bCongreso del PerĂº | ||
| 942 | _cLIB | ||
| 999 |
_c19792 _d19792 |
||